| 000 | 01481cam a22003614a 4500 | ||
|---|---|---|---|
| 001 | 14162602 | ||
| 003 | OSt | ||
| 005 | 20210810121058.0 | ||
| 008 | 051027s2007 nyua 001 0 eng | ||
| 010 | _a 2005055901 | ||
| 020 | _a1418005371 | ||
| 035 | _a(OCoLC)ocm62616173 | ||
| 035 | _a(OCoLC)62616173 | ||
| 038 | _akhadija | ||
| 040 |
_aDLC _cDLC _dYDX _dBAKER _dYDXCP _dDLC |
||
| 042 | _apcc | ||
| 050 | 0 | 0 |
_aTK7816 _b.M4345 2006 |
| 082 | 0 | 0 |
_a621.381 _222 _bMEA |
| 100 | 1 |
_aMeade, Russell L. _981380 |
|
| 245 | 1 | 0 |
_aFoundations of electronics : _bcircuits and devices (electron flow version) / _cRussell L. Meade, Robert Diffenderfer. |
| 260 |
_aClifton Park, NY : _bThomson Delmar Learning, _cc2007. |
||
| 300 |
_axxxii, 1031 p. : _bill. (chiefly col.) ; _c29 cm. + _e1 CD-ROM (4 3/4 in.) |
||
| 500 | _aIncludes index. | ||
| 563 | _ahard cover | ||
| 650 | 0 | _aElectronics. | |
| 700 | 1 |
_aDiffenderfer, Robert. _981381 |
|
| 856 | 4 | 2 |
_3Publisher description _uhttp://www.loc.gov/catdir/enhancements/fy1212/2005055901-d.html |
| 856 | 4 | 1 |
_3Table of contents only _uhttp://www.loc.gov/catdir/enhancements/fy1212/2005055901-t.html |
| 856 | 4 | 2 |
_3Contributor biographical information _uhttp://www.loc.gov/catdir/enhancements/fy1302/2005055901-b.html |
| 906 |
_a7 _bcbc _corignew _d1 _eocip _f20 _gy-gencatlg |
||
| 942 |
_2ddc _cBK |
||
| 999 |
_c32386 _d32386 |
||